| 000 | 00928cam a2200145 4500 | ||
|---|---|---|---|
| 001 | ABS60987 | ||
| 008 | 000000n1999 000 0 eng u | ||
| 035 | _a(Sirsi) u101538 | ||
| 245 | _aBruton v London and Quadrant Housing Trust. | ||
| 260 | _c1999 | ||
| 490 |
_aWeekly Law Reports _v[1999] 3 WLR 150-160(11) |
||
| 520 | _aHL 24 June 1999. Housing Trust granted a licence to use a number of properties for temporary accommodation for homeless people. L undertook to ensure no occupier was given security of tenure. B signed agreement with L for occupation of a flat and subsequently brought proceedings claiming he was a tenant. At issue was whether he was a tenant or a licensee. Judge held B was a licensee. CA dismissed appeal. B appealed to HL. Appeal allowed. Held that the agreement between L and B had all the characteristics of a tenancy. | ||
| 690 | _aLANDLORD AND TENANT-RESIDENTIAL TENANCIES-CASE LAW | ||
| 942 | _n0 | ||
| 999 |
_c60670 _d60670 |
||